Hugh Grant Films - Statistics

General Stats
  • This quiz has been taken 704 times
  • The average score is 7 of 33
Answer Stats
Hint Answer % Correct
1999 Notting Hill
84%
1994 Four Weddings and a Funeral
80%
2003 Love Actually
73%
2002 About a Boy
54%
2007 Music and Lyrics
43%
2002 Two Weeks Notice
42%
2001 Bridget Jones's Diary
41%
1999 Mickey Blue Eyes
34%
1995 Nine Months
33%
2004 Bridget Jones: The Edge of Reason
32%
1995 Sense and Sensibility
29%
2009 Did You Hear About the Morgans?
16%
1987 Maurice
12%
2006 American Dreamz
11%
1993 Sirens
11%
1995 The Englishman Who Went Up a Hill But Came Down a Mountain
10%
1993 The Remains of the Day
8%
1995 An Awfully Big Adventure
7%
1992 Bitter Moon
7%
1996 Extreme Measures
7%
1991 Impromptu
5%
2000 Small Time Crooks
5%
2012 The Pirates! In an Adventure with Scientists!
4%
1996 Night Train to Venice
3%
1995 Restoration
3%
1988 The Lair of the White Worm
3%
1982 Privileged
2%
1988 The Dawning
2%
2005 Housewarming
1%
1988 Remando al viento
1%
1988 The Bengali Night
1%
1990 The Big Man
1%
1987 White Mischief
1%
No matching quizzes found
Score Distribution
Percent of People with Each Score
Percentile by Number Answered
Your Score History
You have not taken this quiz